| 000 | 02231cam a22005414i 4500 | ||
|---|---|---|---|
| 003 | PE-LiUPU | ||
| 005 | 20250731165624.0 | ||
| 008 | 150616s r 000 0 d | ||
| 035 | _a(Sirsi) a6174 | ||
| 035 | _a(Sirsi) a6174 | ||
| 040 |
_aPE-LiUPU _bspa _cPE-LiUPU _erda |
||
| 049 | _aPRUA | ||
| 082 | 0 | 4 |
_a270 _bM294 _221 |
| 245 | 1 | 0 |
_aManual de Historia de la Iglesia : _nTomo cuarto. _bLa iglesia de la edad media después de la reforma gregoriana / _cpor Hans-Georg Beck, Karl August Fink, Josef Glazik, Erwin Iserloh y Hans Wolter. |
| 264 | 1 |
_aBarcelona : _bEditorial Herder, _c1973. |
|
| 300 |
_a1008 páginas ; _c21 centímetros. |
||
| 336 |
_atext _2rdacontent |
||
| 337 |
_aunmediated _2rdamedia |
||
| 338 |
_avolume _2rdacarrier |
||
| 490 | 0 |
_a(Biblioteca Herder. Sección de Historia ; _vVolumen 79) |
|
| 505 | 0 | _aLa época posgregoriana -- La libertad de la iglesia, amenazada -- La iglesia bizantina en la época de las cruzadas -- El pontificado en la cúspide de su poder -- La lucha de la curia por la hegemonía de occidente -- La crisis del pontificado y de la iglesia a fines del siglo XIII -- Los papas de Aviñon -- El cisma de occidente y los concilios -- La iglesia bizantina: la época del palamismo -- De la edad media a la reforma protestante. | |
| 526 | _aSEG44 | ||
| 526 | _aSEG26 | ||
| 526 | _aP151 | ||
| 526 | _aP150 | ||
| 526 | _aP149 | ||
| 526 | _aP146 | ||
| 526 | _aP145 | ||
| 526 | _aP126 | ||
| 526 | _aP125 | ||
| 526 | _aP92 | ||
| 526 | _aP75 | ||
| 526 | _aP74 | ||
| 526 | _aP27 | ||
| 526 | _aP15 | ||
| 650 | 0 |
_aHistoria de la iglesia _9469 _ySiglos XII-XVI |
|
| 700 |
_aJedin, Hubert _eeditor _91410 |
||
| 700 |
_aBeck, Hans-Georg _eautor _91412 |
||
| 700 |
_aFink, Karl August _eautor _91444 |
||
| 700 |
_aGlazik, Josef _eautor _91445 |
||
| 700 |
_aIserloh, Erwin _eautor _91446 |
||
| 700 |
_aWolter, Hans _eautor _91448 |
||
| 910 | _ajck | ||
| 942 |
_2ddc _cBK |
||
| 949 |
_aRC 282.0902 J33 4 _wDEWEY _c1 _i20763 _lRC _mBUL _r0 _sY _tBOOK _u2015-6-16 _xTEOLOGIA _zUNKNOWN _0COMPRA _o.CIRCNOTE. No olvidar cambiar la fecha de devolución!!!!!!! _o.STAFF. Colección General |
||
| 999 |
_c57279 _d57279 |
||
| 980 |
_81 _gALBERTO SANCHEZ Responsable de Automatización |
||